000
00298nam a22001457a 4500
008
210311b ||||| |||| 00| 0 eng d
020
_a
24224.0
041
_a
eng
080
_a
510
082
_a
510
100
_a
36
101
_a
MAT
245
_a
Mathematics
_c
Associates, C
942
_2
udc
_c
BK
999
_c
56395
_d
56395